000 00363cam a2200145ua 4500
041 _aeng
_h
082 _a823.301
_bDUN/PA
100 _aDunbar, George .
245 _aPaladins of India /
_cGeorge Dunbar.
_hTextual Documents
260 _aCalcutta :
_bOxford University Press ,
_c1932.
300 _a128 ; .
504 _a
942 _cBK
999 _c3466
_d3466